|
|
|
|
| LEADER |
00000naa a2200000uu 4500 |
| 001 |
vtls011077482 |
| 003 |
SK-MaSNL |
| 005 |
20260302143415.0 |
| 008 |
210910|2003 xo |||||||||||||||||slo| |
| 015 |
|
|
|a SNBRA
|
| 035 |
|
|
|a (urnnbn)urn:nbn:sk:snk:ar-a0cfou
|
| 035 |
|
|
|a (uuid)bbbf25ec-883b-46af-950b-ce06a92acaa4
|
| 035 |
|
|
|a urn:nbn:sk:snk-aavlsf
|
| 040 |
|
|
|a SNKBUCL
|b slo
|c SNKBUCL
|e AACR2
|
| 041 |
0 |
|
|a slo
|
| 044 |
|
|
|a xo
|c SK
|
| 100 |
1 |
|
|a Kaczanowska, Malgorzata
|4 aut
|9 679594
|
| 245 |
1 |
0 |
|a RANONEOLITICKÁ OSADA V MORAVANOCH, OKRES MICHALOVCE
|c MALGORZATA KACZANOWSKA, JANUSZ KRZYSZTOF KOZŁOWSKI, ĽUBOMÍRA KAMINSKÁ, MAREK NOWAK, MARIÁN VIZDAL
|
| 650 |
0 |
7 |
|a sídliská (archeológia)
|2 SNKPH
|9 67918
|
| 650 |
0 |
7 |
|a neolit
|2 SNKPH
|9 51830
|
| 650 |
0 |
7 |
|a archeologické nálezy
|2 SNKPH
|9 4975
|
| 651 |
|
7 |
|a Moravany (Slovensko)
|2 SNKHgeo
|9 51809
|
| 655 |
|
7 |
|a štúdie
|2 SNKPH
|9 57033
|
| 700 |
1 |
|
|a Kozłowski, Janusz Krzysztof,
|d 1936-2025
|4 aut
|9 182755
|
| 700 |
1 |
|
|a Nowak, Marek
|4 aut
|9 505773
|
| 700 |
1 |
|
|a Vizdal, Marián
|4 aut
|9 825531
|
| 700 |
1 |
|
|a Kaminská, Ľubomíra,
|d 1954-
|4 aut
|9 85818
|
| 773 |
0 |
|
|t Východoslovenský pravek
|d Nitra : Archeologický ústav SAV, 2003
|g S. 45-62
|z 8088709644
|
| 958 |
|
|
|a OND
|
| 958 |
|
|
|a chapter
|
| 958 |
|
|
|a article12
|
| 999 |
|
|
|c 1344331
|d 1346261
|